000 00612nam a2200229Ia 4500
003 OSt
005 20221007075149.0
006 a|||||r|||| 00| 0
007 ta
008 221006b |||||||| |||| 00| 0 eng d
024 _a12,571
037 _cTextual
040 _aFLL
_cFLL
_beng
041 _2eng
_aeng
082 _aV247:19.N7, L9
100 _aMisra K.K. Au.
_9693575
245 0 _aKashmir and India's foreign policy
260 _aNew Delhi
_bChugh pub. India
_c1979
300 _a605p
_ccm.
942 _hV247:19.N7, L9
_cTEXL
_2CC
999 _c1155039
_d1155039